• 首页
  • 本馆介绍
  • 公告通知
  • 最新文献
  • 馆藏检索
  • 电子资源
  • 读者导购
  • 参考咨询
  • 我的图书馆
  • 登录
  • 详细信息显示
  • 放入我的书架
  • 预约/预借图书
  • 作者相关作品
  • 分类相关作品
  • 丛书相关作品
  • 出版社相关作品

书目信息

  • 表格格式
  • 工作单格式
  • 卡片格式
题名:
“皇帝”的背叛
    
 
作者: 王庆祥 著
分册:  
出版信息: 北京   人民日报出版社  2011.11
页数: 282页
开本: 24cm
丛书名:
单 册:
中图分类: K827=72 , K264.206
科图分类:
主题词: 九·一八事变--史料 , 九·一八事变
电子资源:
ISBN: 978-7-5115-0275-9
000 01150nam0 2200301 450
001 010050024966
005 20130628104217.20
010    @a978-7-5115-0275-9@dCNY38.50
049    @aA210000LPL@bUCS01005155227@c012004573674
100    @a20111227d2011 em y0chiy0110 ea
101 0  @achi
102    @aCN@b110000
105    @aa z 000yd
106    @ar
200 1  @a“皇帝”的背叛@9“huang di”de bei pan@e溥仪与“九一八”@f王庆祥著
210    @a北京@c人民日报出版社@d2011.11
215    @a282页@c照片@d24cm
330    @a本书是专述“九一八”事变与溥仪密切关系的史书,首次公开了三十余件绝密档案揭示溥仪叛国内幕。包括“九一八”事变与溥仪、溥仪当年谈“九一八”、溥仪在东京法庭上谈“九一八”、溥仪在抚顺战犯管理所谈“九一八”、溥仪在特赦后谈“九一八”等内容。
517 1  @a溥仪与“九一八”@9pu yi yu“ jiu yi ba”
600  0 @a爱新觉罗·溥仪@f(1909-1967)@x生平事迹
600  0 @a爱新觉罗·溥仪@f(1909-1967)
606 0  @a九·一八事变@j史料
606 0  @a九·一八事变
690    @aK827=72@v4
690    @aK264.206@v4
701  0 @a王庆祥@9wang qing xiang@f(1943~)@4著
801  0 @aCN@bNLC@c20120201
905    @b546060-64@dK827=72@e125WQ@f5
    
    “皇帝”的背叛:溥仪与“九一八”/王庆祥著.-北京:人民日报出版社,2011.11
    282页:照片;24cm
    
    
    ISBN 978-7-5115-0275-9:CNY38.50
    本书是专述“九一八”事变与溥仪密切关系的史书,首次公开了三十余件绝密档案揭示溥仪叛国内幕。包括“九一八”事变与溥仪、溥仪当年谈“九一八”、溥仪在东京法庭上谈“九一八”、溥仪在抚顺战犯管理所谈“九一八”、溥仪在特赦后谈“九一八”等内容。
●
相关链接 在E读中查询图书 在五车中查询图书 在当当中查询图书 在豆瓣中查询图书


正题名:"皇帝"的背叛     索取号:K827=72/125WQ         预约/预借

序号 登录号 条形码 馆藏地/架位号 状态 备注
1 546060   205460605   第二样本阅览室/ [索取号:K827=72/125WQ] 在馆    
2 546061   205460614   第二借阅区/ [索取号:K827=72/125WQ] 在馆    
3 546062   205460623   第二借阅区/ [索取号:K827=72/125WQ] 在馆    
4 546063   205460632   第二借阅区/ [索取号:K827=72/125WQ] 在馆    
5 546064   205460641   第二借阅区/ [索取号:K827=72/125WQ] 在馆    
唐山师范学院图书馆 欢迎您!
大连网信软件有限公司© 版权所有